000 00692nam a2200289Ia 4500
005 20260324150027.0
008 008 260324s9999 xx 000 0 eng d
020 _a9781315677248
037 _aEBOOK
040 _aCRL
040 _beng
040 _cCRL
041 _2eng
041 _aeng
084 _qCRL
100 _aCharles Owen
_91225014
245 0 _aNo More Heroes
245 4 _bThe Royal Navy in the Twentieth Century: Anatomy of a Legend
260 _bTaylor and Francis
260 _c1975
365 _a
365 _b180
856 _uhttp://www.taylorfrancis.com/books/9781315677248
942 _cEBOOK
999 _c1833776
_d1833776